Democrazia virtuale (La) (Record no. 90071)
[ view plain ]
| 000 -LEADER | |
|---|---|
| fixed length control field | 01603nam a2200313Ia 4500 |
| 001 - CONTROL NUMBER | |
| control field | E5399 |
| 003 - CONTROL NUMBER IDENTIFIER | |
| control field | IT-RoPAU |
| 008 - FIXED-LENGTH DATA ELEMENTS--GENERAL INFORMATION | |
| fixed length control field | 130308s9999 xx 000 0 und d |
| 040 ## - CATALOGING SOURCE | |
| Original cataloging agency | IT-RoPAU |
| 040 ## - CATALOGING SOURCE | |
| Transcribing agency | IT-RoPAU |
| 041 ## - LANGUAGE CODE | |
| Language code of text/sound track or separate title | ITALIANO |
| 100 ## - MAIN ENTRY--PERSONAL NAME | |
| Personal name | Scheer Leo |
| 100 ## - MAIN ENTRY--PERSONAL NAME | |
| Miscellaneous information | Codice Aut. SPICS: 47097 |
| 240 ## - UNIFORM TITLE | |
| Uniform title | DEMOCRATIE VIRTUELLE (LA) |
| 240 ## - UNIFORM TITLE | |
| Miscellaneous information | Codice Tit. Orig. Spics: E0663 |
| 245 ## - TITLE STATEMENT | |
| Title | Democrazia virtuale (La) |
| 245 ## - TITLE STATEMENT | |
| Remainder of title | Democrazia virtuale (La) |
| 250 ## - EDITION STATEMENT | |
| Edition statement | 1a ed. |
| 260 ## - PUBLICATION, DISTRIBUTION, ETC. (IMPRINT) | |
| Place of publication, distribution, etc. | GENOVA |
| 260 ## - PUBLICATION, DISTRIBUTION, ETC. (IMPRINT) | |
| Name of publisher, distributor, etc. | Costa & Nolan |
| 260 ## - PUBLICATION, DISTRIBUTION, ETC. (IMPRINT) | |
| Date of publication, distribution, etc. | 1997 [1° Ed.:1997 - Ed.Ling.Originale:1994] |
| 300 ## - PHYSICAL DESCRIPTION | |
| Extent | "112 p. (prefazione: no ; testo: 112)" |
| 500 ## - GENERAL NOTE | |
| General note | "Prologo: mura di Gerico. Implosione del Messaggio ed Esplosione del Segno.Schermo e Scritto. tre pilastri della Società Virtuale: Casta della Comunicazione, Casta dell'Informazione, Casta della Commutazione; Società di Comunicazione d'informazione e di Commutazione; virtuale è Digitale. Stato dei Luoghi: Informazione e Il buon Pagatore, Commutazione e Tempo, Comunicazione e Credito. Incanto tecnologico del Mondo: Digitalizzazione Generalizzata, che Sia la Luce, Trasgressione del Reale. battaglie delle Autostrade dell'Informazione: Televisione e Teleservizi, internet e Minitel. Dalla Democrazia Come Contratto Alla Democrazia Come Segno. Vita Dopo Il Terminale. Nuovi Templi di Las Vegas. Democrazia senza Fini. Società Transazionale. Sfida del Telecomando. Note Bibliografiche." |
| 650 ## - SUBJECT ADDED ENTRY--TOPICAL TERM | |
| Topical term or geographic name as entry element | TEORIA DELLA MULTIMEDIALITA' |
| 650 ## - SUBJECT ADDED ENTRY--TOPICAL TERM | |
| Relator term | Codice materia Spics: 4253 |
| 942 ## - ADDED ENTRY ELEMENTS (KOHA) | |
| Koha item type | LIBRO |
| 957 ## - | |
| -- | 1 |
| 999 ## - SYSTEM CONTROL NUMBERS (KOHA) | |
| -- | 1 |
| Withdrawn status | Lost status | Damaged status | Not for loan | Home library | Current library | Date acquired | Total Checkouts | Full call number | Date last seen | Price effective from | Koha item type | Public note |
|---|---|---|---|---|---|---|---|---|---|---|---|---|
| Buone Condizioni | Not For Loan | SPICS-MEDIATECA | SPICS-MEDIATECA | 08/03/2013 | E5399 | 08/03/2013 | 08/03/2013 | LIBRO | Progressivo inserimento: 19644 / N. Volumi: 1 Copie: 1 / data import: 1 marzo 2013 - By Epidotti, Trombetti, Vaglietti. |